000 02625nam a22002537a 4500
005 20240305165424.0
007 cr|||| ||||
008 140714s2013 es |||||s|||| 00||0 spa d
020 _a978-84-9031-810-2
035 _a12263
040 _avLex
090 _c5042
_d5042
100 1 _aSantaolalla López, Fernando
245 1 0 _aDerecho parlamentario español
_h[Recurso electrónico] /
_cFernando Santaolalla López
256 _aServicio en línea
260 _aMadrid:
_bDykinson,
_c2013
300 _a1 recurso electrónico
500 _aNuestro Derecho parlamentario no ha sufrido grandes transformaciones en las últimas décadas. De hecho se mantiene la arquitectura de la transición. Y así la Constitución es la misma como son los mismos los reglamentos parlamentarios. Pero en cambio sí se han producido numerosos cambios menores, que obligaban a integrarlos en la nueva edición. Piénsese, por ejemplo, en las normas sobre información sobre secretos oficiales, sobre reformas de estatutos de autonomía, sobre el objetivo de estabilidad presupuestaria, nombramientos por las Cámaras de titulares de otras instituciones, sobre el voto telemático de los diputados y uso de las lenguas autonómicas en el Senado. Pero sobre todo la gran innovación ha venido de la mano del Tribunal Constitucional, con la abundante (y a nuestro juicio excesiva) jurisprudencia sobre actos parlamentarios. Y también con la todavía más abundante literatura jurídica sobre esta materia. Nuestro deseo era dar cuenta de todo lo anterior, pero siempre dentro del marco resumido propio de un manual? Hemos procurado incorporar todas las innovaciones normativas y jurisprudenciales, de tal modo que el lector tenga una idea actualizada de la organización y funcionamiento de nuestro Parlamento? Se han añadido unos pocos epígrafes para completar aspectos insuficientemente abordados en versiones anteriores. Tal es el caso de la noción e historia del Parlamento, de las materias clasificadas, de la publicidad de las sesiones, de elecciones y nombramientos, de las comparecencias informativas y del debate sobre el estado de la nación.
506 1 _aDisponible solo en los productos indicados
_dvLex Global
_dvLex Global (Academic Edition, excluding Law Schools)
_dvLex Global (U.S. Academic Edition, Law Schools)
_dvLex Global (U.S. Academic Edition, excluding Law Schools)
_dvLex Global (Academic Edition, Law Schools)
650 0 4 _aDerecho Constitucional
_zEspaña
740 0 _avLex Libros (Servicio en línea)
856 4 0 _uhttps://app.vlex.com/#/sources/derecho-parlamentario-espa-ol-12263
942 _cRAA
999 _c163390
_d163390